| 000 | 00670nam a22001937a 4500 | ||
|---|---|---|---|
| 005 | 20131227114121.0 | ||
| 010 | _aB-495177-182 | ||
| 020 |
_a9789381841143 _c100.00 |
||
| 035 | _aB-495177-182 | ||
| 037 |
_adpl _bBBB/Ven |
||
| 082 | _aS | ||
| 245 |
_aShades of love / _cedited by Ankit Mittal |
||
| 260 |
_aNew Dehli _bGrapevine India Publisher _c2013 |
||
| 270 |
_aPlot No. 4, First Floor, Pandav Nagar, Opposite Shadipur Metro Station Patel Nagar _bNew Dehli _e110008 |
||
| 300 |
_aviii 231p. : _c18cm(pbk) |
||
| 700 | _aMittal, Ankit | ||
| 942 |
_2ddc _cEN _mMIT _hS |
||
| 999 |
_c79183 _d79183 |
||